| 000 | 00343nam a2200145Ia 4500 | ||
|---|---|---|---|
| 008 | 180730s9999||||xx |||||||||||||| ||und|| | ||
| 020 | _a9789352531295 | ||
| 082 |
_a330 _bDUT/I |
||
| 100 | _aDutt, Gaurav | ||
| 245 | 0 | _aIndian Economy | |
| 260 |
_aNew Delhi _bS. Chand & Co. _c2016 |
||
| 300 | _a1061 | ||
| 700 | _aAshwani, Mahajan | ||
| 942 | _cBK | ||
| 999 |
_c159 _d159 |
||